| 000 | 00469nam a22001937a 4500 | ||
|---|---|---|---|
| 003 | OSt | ||
| 005 | 20250620083011.0 | ||
| 008 | 250620b |||||||| |||| 00| 0 eng d | ||
| 022 | _29788121911009 | ||
| 040 | _aSEKU | ||
| 050 |
_aHF 5635 _b.S58 |
||
| 100 | _aM. C. Shukla | ||
| 245 | _aAdvanced accounts | ||
| 260 |
_aNew Delhi : _b S.Chand &Company ltd, _c2007. |
||
| 650 | _2accounting | ||
| 700 | _aT. S. Grewal | ||
| 700 | _a,S. C. Gupta | ||
| 942 |
_2lcc _cGEN |
||
| 999 |
_c18568 _d18568 |
||